|
|
|
|
| LEADER |
00000nab a2200000 a 4500 |
| 001 |
vtls010734636 |
| 003 |
SK-MaSNL |
| 005 |
20260304192051.0 |
| 008 |
250709s1994 xo |||||||||||||||||slo| |
| 035 |
|
|
|a (urnnbn)urn:nbn:sk:snk:ar-a05ejt
|
| 035 |
|
|
|a (uuid)14a14bb4-1036-495a-803e-94effa082048
|
| 035 |
|
|
|a urn:nbn:sk:snk-ab3wg9
|
| 040 |
|
|
|a SNKBUCL
|b slo
|c SNKBUCL
|e AACR2
|
| 041 |
0 |
|
|a slo
|
| 044 |
|
|
|a xo
|c SK
|
| 100 |
1 |
|
|a - Intas -
|4 aut
|9 1524939
|
| 245 |
1 |
0 |
|a Sieťový komunikačný softvér
|c - Intas -
|
| 773 |
0 |
|
|t PC revue : sprievodca digitálnym svetom
|g Roč. 2, č. 2 (1994), s. 16-18
|
| 850 |
|
|
|a Slovenská národná knižnica
|
| 852 |
|
|
|a Slovenská národná knižnica
|
| 954 |
|
|
|a odborná, vedecká literatúra pôvodná (slovenská)
|2 lita
|
| 958 |
|
|
|a article1
|
| 958 |
|
|
|a OND
|
| 958 |
|
|
|a EUIPO
|
| 999 |
|
|
|c 3058739
|d 3060669
|